Osemanverse Characters - Statistics

General Stats
  • This quiz has been taken 136 times
  • The average score is 24 of 38
Answer Stats
Hint Answer % Correct
Heartstopper/Solitaire -
100%
Radio Silence -
100%
I Was Born For This -
100%
Loveless -
100%
Spring Charlie
97%
Nelson Nick
97%
Xu Tao
94%
Olsson Darcy
93%
Jones Tara
93%
Hope Ben
92%
Argent Elle
92%
Tori
88%
Last Aled
85%
Greene Harry
84%
Oliver
65%
Janvier Frances
63%
Zahid Sahar
61%
Warr Georgia
59%
Jun Daniel / Dae-Sung
57%
David
56%
Rahimi Angel
54%
Kaga-Ricci Jimmy
54%
Bird Lister
52%
Quintana Felipa / Pip
51%
Carys
49%
Nellie
48%
Sengupta Raine
48%
Bach Rooney
46%
Omondi Rowan
45%
Sarah
43%
Jane
39%
Schwartz Juliet
37%
Farouk Youssef
35%
Ajayi Nathan
34%
Carol
32%
Julio
32%
Jha Sunil
32%
Farley-Shaw Jason
30%
No matching quizzes found
Score Distribution
Percent of People with Each Score
Percentile by Number Answered
Your Score History
You have not taken this quiz